000 00755cab a2200241 4500
001 WB3344-50
008 090401t1997 xxu||||| |||| 00| 0 eng d
035 _a(Sirsi) u81997
041 _aeng
245 _aSustainable agriculture
260 _c1997
350 _a0
490 _aMAFF News Release
_v(340/97) 6 November 1997, (2)
520 _aAgriculture Minister, Jack Cunningham has stressed to the Women`s Farming Union that rural communities should not rely on subsidies to achieve economic development.
650 _aECONOMIC DEVELOPMENT
650 _aFARMING SUBSIDIES
650 _aRURAL AREAS
650 _aRURAL DEVELOPMENT
650 _aSUSTAINABLE AGRICULTURE
690 _aRURAL PRACTICE
942 _n0
948 _c11/11/1997
999 _c51708
_d51708